000 00478nam a2200193Ia 4500
001 14099
003 GE_BSU
008 181216s||||||||xx |||||||||||||| ||und||
020 _a9992863277
040 _cGE_BSU
080 _a37.01(075.8)
245 _aპედაგოგიკა
245 _cრედ.თ.კარანაძე
260 _aთბილისი
260 _c2000
300 _a404გვ.
653 _aპედაგოგიკა
942 _cBK
999 _c47239
_d47239